[Event "Sveins 10. minneturnering"]
[Site "Oslo"]
[Date "2017.06.23"]
[Round "5"]
[White "Skaslien, Ingrid"]
[Black "Grindbakken, Erik"]
[Result "0-1"]
[WhiteElo "1773"]
[BlackElo "1624"]
[PlyCount "92"]
[EventDate "2017.??.??"]

1. d4 Nf6 2. c4 c5 3. d5 e6 4. Nc3 exd5 5. cxd5 Bd6 6. Nf3 O-O 7. e4 Re8 8. Bd3
Bc7 9. O-O d6 10. h3 a6 11. a4 Nbd7 12. Bf4 Nf8 13. Qc2 Ng6 14. Bh2 Nd7 15. Be2
Nde5 16. Nxe5 Nxe5 17. Qd2 Bd7 18. Rfe1 Rb8 19. f4 Ng6 20. Bd3 Qf6 21. Bc2 Ba5
22. e5 dxe5 23. Bxg6 Qxg6 24. fxe5 Bxh3 25. Kh1 Bf5 26. Qe3 Rbd8 27. Rad1 Bc2
28. Rd2 Bb4 29. Ra1 Bf5 30. Qf2 Qh5 31. Kg1 Qg6 32. Qf1 Ba5 33. Qd1 Bb6 34. a5
Ba7 35. Kh1 Qh6 36. Qe2 Bb8 37. Kg1 c4 38. Rad1 f6 39. Qxc4 Ba7+ 40. Kh1 Rxe5
41. Qf4 Qh5 42. Qc4 Bb8 43. g3 Qf3+ 44. Kg1 Ba7+ 45. Rd4 Be4 46. Nxe4 Qxd1+
0-1

[Event "Sveins 10. minneturnering"]
[Site "Oslo"]
[Date "2017.06.23"]
[Round "5"]
[White "Vestjord, Harald Christian"]
[Black "Sharma, Neil E"]
[Result "1-0"]
[WhiteElo "1760"]
[BlackElo "1402"]
[PlyCount "119"]
[EventDate "2017.??.??"]

1. d4 Nf6 2. c4 d5 3. cxd5 Qxd5 4. Nc3 Qd8 5. e4 e6 6. Nf3 c6 7. Bd3 Be7 8. O-O
O-O 9. e5 Nd5 10. Ne4 Nd7 11. a3 c5 12. Bc2 b6 13. Qd3 cxd4 14. Neg5 g6 15.
Qxd4 Re8 16. Qh4 Nf8 17. Qg3 Qc7 18. Bd3 f6 19. exf6 Bxf6 20. Qxc7 Nxc7 21. Ne4
Be7 22. Bf4 Nd5 23. Bg3 Bb7 24. Ne5 Nf6 25. Nxf6+ Bxf6 26. Bb5 Red8 27. Rfd1
Rac8 28. Rxd8 Rxd8 29. Bc4 Rd2 30. Rb1 Rd4 31. Bb3 Be4 32. Rd1 Rxd1+ 33. Bxd1
Kg7 34. f3 Bd5 35. Kf2 Kh6 36. Ng4+ Kg7 37. Nxf6 Kxf6 38. b4 Nd7 39. f4 Kf5 40.
Bc2+ Kf6 41. Bh4+ Kf7 42. g4 Nb8 43. Bg3 Nc6 44. Ke3 a6 45. Be1 Kf6 46. g5+ Kf7
47. Bc3 Ke7 48. Bd3 Nb8 49. Be5 Nc6 50. Bxa6 Nxe5 51. fxe5 Kd7 52. Bb5+ Bc6 53.
Bxc6+ Kxc6 54. a4 Kc7 55. Kd4 Kc6 56. Kc4 Kb7 57. Kb5 Kc7 58. a5 bxa5 59. bxa5
Kb7 60. Kc5
1-0

[Event "Sveins 10. minneturnering"]
[Site "Oslo"]
[Date "2017.06.23"]
[Round "5"]
[White "Gaure, Sigurd Lauvas"]
[Black "Neuzil, Torey G"]
[Result "0-1"]
[WhiteElo "1532"]
[BlackElo "1743"]
[PlyCount "42"]
[EventDate "2017.??.??"]

1. e4 d5 2. exd5 Qxd5 3. d3 Nf6 4. Nc3 Qd6 5. Be2 Nc6 6. Nf3 e5 7. O-O Bg4 8.
h3 Bh5 9. Bg5 h6 10. Bh4 g5 11. Bg3 O-O-O 12. Nxe5 Nxe5 13. Bxh5 Nxh5 14. Qxh5
f6 15. Rfe1 Qb4 16. Bxe5 fxe5 17. Rxe5 Qxb2 18. Qg4+ Kb8 19. Rae1 Qxc3 20. Qd7
Bd6 21. Re8 Qxe1+
0-1

[Event "Sveins 10. minneturnering"]
[Site "Oslo"]
[Date "2017.06.23"]
[Round "5"]
[White "Enersen, Eirik S"]
[Black "Papanek, Ella Sharpe"]
[Result "1-0"]
[WhiteElo "1705"]
[BlackElo "1671"]
[PlyCount "171"]
[EventDate "2017.??.??"]

1. e4 c5 2. Nf3 e6 3. d4 cxd4 4. Nxd4 a6 5. c4 Qc7 6. Nc3 Nf6 7. Be2 b6 8. Qd3
Bb7 9. O-O d6 10. f4 Nbd7 11. Nb3 Be7 12. Be3 O-O 13. Bf3 Rac8 14. Nd2 Rfd8 15.
Qe2 Bc6 16. Rfd1 Nc5 17. Bxc5 dxc5 18. e5 Ne8 19. Bxc6 Qxc6 20. Qf3 f6 21. Qxc6
Rxc6 22. Nf3 Rcc8 23. Kf2 Nc7 24. a4 Kf7 25. Ke2 Rxd1 26. Rxd1 b5 27. axb5 axb5
28. cxb5 Rb8 29. Kd3 Nxb5 30. Nxb5 Rxb5 31. Kc3 Rb4 32. g3 Re4 33. Re1 Ra4 34.
Rd1 Ke8 35. b3 Rb4 36. Nd2 Rd4 37. Re1 Bd8 38. Nc4 Ke7 39. b4 Rd5 40. b5 Rd7
41. b6 Rb7 42. Rb1 h6 43. Rb2 g5 44. Ra2 Bxb6 45. Rb2 gxf4 46. gxf4 fxe5 47.
fxe5 Ra7 48. Rxb6 Ra2 49. Rb7+ Kf8 50. Rb2 Ra1 51. Rf2+ Ke7 52. Rf6 Rc1+ 53.
Kb3 Rb1+ 54. Kc2 Rb4 55. Kc3 Rb1 56. Rxh6 Rc1+ 57. Kb3 Rd1 58. h4 Rd3+ 59. Ka4
Kd7 60. Kb5 Ke7 61. Kxc5 Rd5+ 62. Kc6 Rd4 63. Rh7+ Kf8 64. Nb6 Rd1 65. Nd7+ Ke8
66. h5 Ra1 67. Nc5 Kf8 68. Nxe6+ Ke8 69. Nc5 Rd1 70. h6 Rh1 71. Nd7 Rc1+ 72.
Kd6 Rd1+ 73. Ke6 Kd8 74. Rh8+ Kc7 75. Nf6 Rc1 76. h7 Rh1 77. Re8 Rc1 78. Re7+
Kb6 79. h8=Q Rc6+ 80. Kf5 Kc5 81. Ne4+ Kc4 82. Qg8+ Kd3 83. Qg3+ Ke2 84. Rd7
Rf6+ 85. exf6 Kf1 86. Qf2#
1-0

[Event "Sveins 10. minneturnering"]
[Site "Oslo"]
[Date "2017.06.23"]
[Round "5"]
[White "Amarapala, Sheroni"]
[Black "Trasti, Nora"]
[Result "1/2-1/2"]
[WhiteElo "1471"]
[BlackElo "1359"]
[PlyCount "129"]
[EventDate "2017.??.??"]

1. e4 c5 2. Nf3 Nc6 3. d4 cxd4 4. Nxd4 e5 5. Nb3 Nf6 6. Nc3 Bb4 7. Bd3 O-O 8.
O-O Bxc3 9. bxc3 d5 10. exd5 Nxd5 11. Bb2 Be6 12. Re1 Qg5 13. Qf3 f5 14. Bc4 e4
15. Qg3 Qxg3 16. hxg3 Rad8 17. Rad1 Nc7 18. Bxe6+ Nxe6 19. Rxd8 Rxd8 20. f3 Ng5
21. f4 Nf7 22. g4 g6 23. gxf5 gxf5 24. Re3 a5 25. Rg3+ Kf8 26. Ba3+ Nd6 27. Rg5
Kf7 28. Bxd6 Rxd6 29. Rxf5+ Ke6 30. Rh5 e3 31. Rh6+ Ke7 32. Rxd6 Kxd6 33. Kf1
Kd5 34. Ke2 Ke4 35. g3 b6 36. f5 Kxf5 37. Kxe3 Kg4 38. Kf2 Ne7 39. Nd4 Nd5 40.
Nb5 Ne7 41. Nd6 Nd5 42. Ne4 h6 43. Ke2 h5 44. Kd3 Ne7 45. Nf6+ Kxg3 46. Nxh5+
Kf3 47. c4 Nf5 48. Nf6 Nd6 49. Nd5 Nc8 50. Kc3 Ke2 51. Kb3 Kd2 52. a3 a4+ 53.
Kxa4 Kxc2 54. Kb4 Kd3 55. Nxb6 Nxb6 56. c5 Nd5+ 57. Kb5 Nc7+ 58. Kb6 Kc4 59. a4
Na8+ 60. Kc6 Kb4 61. a5 Kxa5 62. Kb7 Kb5 63. c6 Kc5 64. c7 Nxc7 65. Kxc7
1/2-1/2

[Event "Sveins 10. minneturnering"]
[Site "Oslo"]
[Date "2017.06.23"]
[Round "5"]
[White "Landsverk, Ida"]
[Black "Kreken, Eivind Grunt"]
[Result "1-0"]
[WhiteElo "1415"]
[BlackElo "1386"]
[Annotator "Kristoffer"]
[PlyCount "39"]
[EventDate "2017.??.??"]

1. e4 c5 2. Nf3 d6 3. d4 cxd4 4. Nxd4 Nf6 5. Nc3 g6 6. f3 Bg7 7. Be3 O-O 8. Qd2
Nc6 9. O-O-O Bd7 10. g4 Rc8 11. h4 h5 12. gxh5 Nxh5 13. Nxc6 ({Relevant:} 13.
Rg1 Nxd4 14. Bxd4 Bxd4 15. Qxd4 Be6 16. Rg5 Qb6 17. Qd2 Rfd8 18. Rb5 Qg1 19.
Rg5 Qb6 20. Na4 Qc7 21. Rxh5 d5 22. Bd3 dxe4 23. Qh6 gxh5 24. Rg1+ Bg4 25. Bxe4
f6 26. fxg4 Qh2 27. Re1 {1-0 (27) Fedorchuk,S (2599)-Stocek,J (2572) Germany
2006}) 13... Bxc6 14. Bh6 Bh8 $146 ({Predecessor:} 14... Qa5 15. Bxg7 Kxg7 16.
Bh3 Rc7 17. Rdg1 Rh8 18. Qd4+ Kg8 19. Bf5 Qc5 20. Qd2 Ng7 21. Bxg6 fxg6 22.
Rxg6 Be8 23. Rg5 e5 24. Nd5 Rf7 25. Qg2 Qc8 26. Rg1 {1-0 (26) Herzum,P (1327)
-Reinhardt,K (1861) Solingen 2011}) (14... Bxc3 15. bxc3 (15. Qxc3) 15... Re8
16. c4 (16. Qd4)) 15. Rg1 Re8 16. Bc4 Qa5 17. Rxg6+ Kh7 18. Bxf7 (18. Bf8 fxg6
(18... Kxg6 19. Qh6#) 19. Qh6#) 18... Bd7 19. Bf8 Bg7 20. Bxg7 (20. Qh6+)
1-0

[Event "Sveins 10. minneturnering"]
[Site "Oslo"]
[Date "2017.06.23"]
[Round "5"]
[White "Vestby, Anniken"]
[Black "Evenshaug, Amadeus Hestvik"]
[Result "1-0"]
[WhiteElo "1336"]
[BlackElo "1214"]
[PlyCount "141"]
[EventDate "2017.??.??"]

1. e4 e5 2. Nf3 Nc6 3. Bb5 a6 4. Ba4 Nf6 5. Nc3 Bb4 6. O-O O-O 7. Re1 d6 8. d3
Bg4 9. h3 Bh5 10. Bd2 Nd4 11. g4 Bg6 12. Nxd4 exd4 13. Ne2 Bxd2 14. Qxd2 d5 15.
e5 Nd7 16. Ng3 Nb6 17. Bb3 Qh4 18. Kg2 f5 19. exf6 Qxf6 20. Re2 Qf3+ 21. Kg1 h5
22. Qg5 Rae8 23. Rae1 hxg4 24. hxg4 Rxe2 25. Rxe2 Qf6 26. Bxd5+ Bf7 27. Qxf6
gxf6 28. Bxb7 a5 29. Nf5 a4 30. Nh6+ Kg7 31. Nxf7 Kxf7 32. a3 Rg8 33. f3 f5 34.
Rg2 fxg4 35. fxg4 Kf6 36. Kf2 Ke5 37. Kg3 c5 38. Re2+ Kf6 39. Kf4 Rf8 40. g5+
Kg6+ 41. Kg4 Kf7 42. Rf2+ Kg7 43. Rxf8 Kxf8 44. Kf5 Kg7 45. Ba6 Nd5 46. Bb5
Ne3+ 47. Kf4 Nxc2 48. Bxa4 Ne3 49. Bb5 Nd1 50. b4 cxb4 51. axb4 Ne3 52. Ba6
Nd5+ 53. Ke4 Nxb4 54. Bc4 Kg6 55. Kf4 Kg7 56. Kf5 Kf8 57. Kf6 Nc6 58. g6 Ne7
59. g7+ Ke8 60. g8=Q+ Nxg8+ 61. Bxg8 Kd7 62. Ke5 Ke7 63. Kxd4 Kd6 64. Bb3 Kc6
65. Kc4 Kd6 66. Kd4 Kc6 67. Ke4 Kd6 68. d4 Kd7 69. Kd5 Ke7 70. Kc6 Kd8 71. d5
1-0

[Event "Sveins 10. minneturnering"]
[Site "Oslo"]
[Date "2017.06.23"]
[Round "5"]
[White "Hestvik, Elias"]
[Black "Eriksen, Dag"]
[Result "0-1"]
[WhiteElo "1192"]
[BlackElo "1711"]
[PlyCount "64"]
[EventDate "2017.??.??"]

1. e4 Nf6 2. e5 Nd5 3. c4 Nb6 4. d4 d6 5. exd6 cxd6 6. Nf3 g6 7. Be3 Bg7 8. Nc3
O-O 9. Qd2 Bg4 10. b3 Nc6 11. Be2 Qc8 12. h3 Bxf3 13. Bxf3 e5 14. d5 Nd4 15.
Bxd4 exd4 16. Nb5 Re8+ 17. Kf1 Nxc4 18. Qb4 d3 19. bxc4 Bxa1 20. Nxd6 Qd7 21.
Nxe8 Rxe8 22. Qd2 Qf5 23. c5 Bd4 24. c6 bxc6 25. dxc6 Re2 26. Qb4 Rxf2+ 27. Ke1
Qe5+ 28. Kd1 Bc5 29. Qb1 Rxf3 30. Re1 Rf1 31. Kd2 Rxe1 32. Qxe1 Bb4+
0-1

[Event "Sveins 10. minneturnering"]
[Site "Oslo"]
[Date "2017.06.26"]
[Round "6"]
[White "Berg, Emanuel"]
[Black "Hoi, Carsten"]
[Result "1-0"]
[WhiteElo "2573"]
[BlackElo "2359"]
[PlyCount "63"]
[EventDate "2017.??.??"]

1. e4 g6 2. d4 Bg7 3. Nc3 d6 4. Be3 c6 5. Qd2 b5 6. h4 Nf6 7. f3 h5 8. O-O-O a5
9. Kb1 b4 10. Nce2 Na6 11. Nf4 Nc7 12. Ngh3 Bxh3 13. Nxh3 Qb8 14. Ng5 a4 15. c4
bxc3 16. Qxc3 c5 17. dxc5 O-O 18. Bd4 e5 19. Bf2 d5 20. c6 dxe4 21. fxe4 Ne6
22. Bd3 Nxg5 23. hxg5 Ng4 24. Bc5 Rc8 25. Bc4 Rxc6 26. Bxf7+ Kh7 27. Qf3 Qc8
28. Be7 a3 29. Rd8 Qb7 30. Rxh5+ Nh6 31. Rxh6+ Bxh6 32. Bxg6+
1-0

[Event "Sveins 10. minneturnering"]
[Site "Oslo"]
[Date "2017.06.26"]
[Round "6"]
[White "Getz, Nicolai"]
[Black "Hector, Jonny"]
[Result "1-0"]
[WhiteElo "2391"]
[BlackElo "2503"]
[PlyCount "157"]
[EventDate "2017.??.??"]

1. e4 e5 2. Nf3 Nc6 3. Bc4 Nf6 4. d3 Bc5 5. O-O O-O 6. c3 d5 7. exd5 Nxd5 8. a4
a5 9. Re1 Bg4 10. Nbd2 Bb6 11. Nf1 h6 12. Ng3 Nf4 13. h3 Bxf3 14. Qxf3 Qf6 15.
Ne4 Qh4 16. d4 Rad8 17. Bxf4 exf4 18. Kh2 Rde8 19. g3 fxg3+ 20. fxg3 Qd8 21.
Rad1 Kh8 22. g4 Ne7 23. g5 Ng6 24. gxh6 c6 25. hxg7+ Kxg7 26. Ng3 Bc7 27. Rxe8
Qxe8 28. Rf1 Qe7 29. Kg1 Qg5 30. Qf6+ Qxf6 31. Nh5+ Kh6 32. Nxf6 Nf4 33. Rf3
Kg6 34. Ng4 Rh8 35. Bf1 Rd8 36. Ne3 b6 37. Rg3+ Kf6 38. Ng4+ Kf5 39. Bd3+ Nxd3
40. Rxd3 Kg5 41. Re3 c5 42. Re7 Bf4 43. dxc5 bxc5 44. Rxf7 Rd2 45. Nf2 Be3 46.
Rf3 Rd1+ 47. Kg2 Bxf2 48. Rxf2 Ra1 49. Rd2 Kf4 50. Rd5 Ra2 51. Rxc5 Rxb2+ 52.
Kf1 Rh2 53. h4 Kf3 54. Rf5+ Ke4 55. Rh5 Kf3 56. Ke1 Ke3 57. Re5+ Kd3 58. h5
Kxc3 59. Rxa5 Kb4 60. Rg5 Kxa4 61. Kf1 Kb4 62. Kg1 Rh4 63. Kg2 Kc4 64. Kg3 Rh1
65. Kg4 Kd4 66. Ra5 Ke4 67. Kg5 Rg1+ 68. Kf6 Rf1+ 69. Kg6 Rg1+ 70. Kh7 Kf4 71.
h6 Rg2 72. Kh8 Rg6 73. h7 Kg4 74. Rb5 Kh4 75. Rc5 Kg4 76. Ra5 Kh4 77. Ra1 Rb6
78. Kg7 Rb7+ 79. Kf6
1-0

[Event "Sveins 10. minneturnering"]
[Site "Oslo"]
[Date "2017.06.26"]
[Round "6"]
[White "Hillarp Persson, Tiger"]
[Black "Tan, Justin"]
[Result "1/2-1/2"]
[WhiteElo "2496"]
[BlackElo "2448"]
[PlyCount "96"]
[EventDate "2017.??.??"]

1. d4 Nf6 2. Nf3 d5 3. Bf4 c5 4. e3 Nc6 5. c3 Qb6 6. Qb3 c4 7. Qc2 Bf5 8. Qc1
h6 9. Nbd2 e6 10. Be2 Be7 11. Ne5 Bh7 12. h4 Nxe5 13. Bxe5 O-O 14. g4 Nd7 15.
Bg3 f6 16. b3 Qa5 17. a4 cxb3 18. Nxb3 Qb6 19. Qb2 a6 20. O-O f5 21. g5 hxg5
22. hxg5 Bxg5 23. f4 Be7 24. Kg2 Bg6 25. a5 Qc6 26. Nd2 Rac8 27. Rfc1 Nf6 28.
Bh4 Qd7 29. Bxf6 Bxf6 30. c4 Be8 31. cxd5 exd5 32. Rxc8 Qxc8 33. Nf3 Bc6 34.
Ne5 Bxe5 35. dxe5 Kf7 36. Bf3 Rh8 37. Rh1 Rxh1 38. Kxh1 Qh8+ 39. Kg2 Ke6 40.
Qb6 Qc8 41. Kf2 Qd7 42. Qc5 Qd8 43. Ke2 Bb5+ 44. Kf2 Qh4+ 45. Kg2 Qd8 46. Kf2
Qh4+ 47. Kg2 Qd8 48. Kf2 Qh4+
1/2-1/2

[Event "Sveins 10. minneturnering"]
[Site "Oslo"]
[Date "2017.06.26"]
[Round "6"]
[White "Hansen, Torbjørn R."]
[Black "Moen, Ole Christian"]
[Result "1-0"]
[WhiteElo "2443"]
[BlackElo "2178"]
[PlyCount "61"]
[EventDate "2017.??.??"]

1. e4 e5 2. Nf3 Nc6 3. Bb5 a6 4. Ba4 d6 5. O-O Bd7 6. d4 Nf6 7. d5 Nb8 8. Bxd7+
Nbxd7 9. Re1 Be7 10. c4 c6 11. Nc3 cxd5 12. cxd5 O-O 13. a4 a5 14. Nd2 Qb8 15.
Nc4 Rc8 16. b3 Bd8 17. Nb5 Ne8 18. Ba3 Nc5 19. Rc1 b6 20. Rc3 Be7 21. Bc1 Rd8
22. Rh3 Rd7 23. Qh5 Nf6 24. Qh4 Qd8 25. Bg5 h6 26. Bxh6 Nfxe4 27. Bg5 f6 28.
Rxe4 Nxe4 29. Qxe4 fxg5 30. Qh7+ Kf7 31. Qf5+
1-0

[Event "Sveins 10. minneturnering"]
[Site "Oslo"]
[Date "2017.06.26"]
[Round "6"]
[White "Djurhuus, Rune"]
[Black "Arvola, Benjamin"]
[Result "1/2-1/2"]
[WhiteElo "2421"]
[BlackElo "2435"]
[PlyCount "162"]
[EventDate "2017.??.??"]

1. d4 Nf6 2. c4 g6 3. f3 d5 4. cxd5 Nxd5 5. e4 Nb6 6. Nc3 Bg7 7. Be3 O-O 8. Qd2
Nc6 9. O-O-O Qd6 10. Kb1 Rd8 11. Nb5 Qd7 12. d5 Ne5 13. Qc2 e6 14. Nxc7 Nbc4
15. Bxc4 Qxc7 16. Bb3 Qxc2+ 17. Kxc2 exd5 18. Rxd5 Be6 19. Rxd8+ Rxd8 20. Bxe6
fxe6 21. b3 Nd3 22. Nh3 Rd6 23. Bd2 Be5 24. f4 Bg7 25. e5 Rd8 26. Rd1 Nc5 27.
Be3 Rc8 28. Bxc5 Rxc5+ 29. Kb2 h6 30. Nf2 g5 31. g3 Rc7 32. Rd8+ Kh7 33. Nd3
gxf4 34. gxf4 Kg6 35. b4 Kf5 36. h3 h5 37. Kb3 h4 38. Rd4 Bh6 39. Nc5 Re7 40.
Nd3 Rg7 41. Kc4 Rc7+ 42. Kb3 b6 43. a4 Bf8 44. b5 Bh6 45. a5 bxa5 46. Ka4 Rc2
47. Kxa5 Ra2+ 48. Ra4 Rd2 49. Rd4 Ra2+ 50. Ra4 Rxa4+ 51. Kxa4 Ke4 52. Nc5+ Kd5
53. Nd7 Bxf4 54. Ka5 Be3 55. Ka6 Ke4 56. Nf8 Kxe5 57. Ng6+ Kf6 58. Nxh4 Bf2 59.
Ng2 Kf5 60. h4 e5 61. Kb7 e4 62. h5 Kg5 63. Kc6 e3 64. b6 axb6 65. Kxb6 e2+ 66.
Kb5 Kg4 67. h6 Kf3 68. h7 Kxg2 69. h8=Q e1=Q 70. Qg8+ Kh2 71. Qh7+ Kg1 72. Qg6+
Bg3 73. Kc4 Qc1+ 74. Kb3 Qe3+ 75. Kc4 Qe5 76. Qb1+ Kg2 77. Qg6 Qf4+ 78. Kb3
Qe3+ 79. Kc4 Kf2 80. Qc2+ Qe2+ 81. Qxe2+ Kxe2
1/2-1/2

[Event "Sveins 10. minneturnering"]
[Site "Oslo"]
[Date "2017.06.26"]
[Round "6"]
[White "Solberg, Joachim"]
[Black "Kaasen, Tor Fredrik"]
[Result "1/2-1/2"]
[WhiteElo "2257"]
[BlackElo "2402"]
[PlyCount "65"]
[EventDate "2017.??.??"]

1. e4 c5 2. Nf3 e6 3. d4 cxd4 4. Nxd4 Nc6 5. Nc3 Qc7 6. g3 Nf6 7. Ndb5 Qb8 8.
Bf4 e5 9. Bg5 a6 10. Bxf6 axb5 11. Bg5 b4 12. Nd5 Bc5 13. Qh5 d6 14. Bc4 Be6
15. Nf6+ gxf6 16. Bxe6 Nd8 17. Bxf6 Nxe6 18. Bxh8 Ke7 19. Qh4+ Kd7 20. Bf6 Qg8
21. O-O Nd4 22. Kg2 Qg6 23. c3 bxc3 24. bxc3 Nc2 25. Rab1 Rxa2 26. Qh3+ Kc7 27.
Rxb7+ Kxb7 28. Qd7+ Ka6 29. Qc6+ Ka7 30. Rb1 Nb4 31. cxb4 Qxf6 32. Qc7+ Ka8 33.
Qc8+
1/2-1/2

[Event "Sveins 10. minneturnering"]
[Site "Oslo"]
[Date "2017.06.26"]
[Round "6"]
[White "Kovachev, Daniel Jakobsen"]
[Black "Ostrovskiy, Aleksandr A"]
[Result "1/2-1/2"]
[WhiteElo "2308"]
[BlackElo "2381"]
[PlyCount "83"]
[EventDate "2017.??.??"]

1. Nf3 d5 2. e3 Nf6 3. c4 c6 4. b3 Bg4 5. Bb2 e6 6. Be2 Nbd7 7. h3 Bh5 8. Ne5
Bxe2 9. Qxe2 Bd6 10. Nxd7 Qxd7 11. d3 e5 12. Nd2 O-O 13. O-O a5 14. e4 Rfe8 15.
Nf3 Qc7 16. Bc1 dxe4 17. dxe4 Bc5 18. g3 Nd7 19. Rd1 Nf8 20. Be3 Bxe3 21. Qxe3
Rad8 22. a3 Ne6 23. b4 f6 24. c5 axb4 25. axb4 Rxd1+ 26. Rxd1 Rd8 27. Rd3 Kf7
28. Qd2 Rxd3 29. Qxd3 Ke7 30. Kf1 b6 31. cxb6 Qxb6 32. Qc4 Qb5 33. Qxb5 cxb5
34. Ke2 g5 35. Kd3 h5 36. Nd2 Nd4 37. Nb1 Ke6 38. Nc3 Kd6 39. Kd2 Ke6 40. Kd3
Kd6 41. Kd2 Ke6 42. Kd3
1/2-1/2

[Event "Sveins 10. minneturnering"]
[Site "Oslo"]
[Date "2017.06.26"]
[Round "6"]
[White "Haubro, Martin"]
[Black "Westerinen, Heikki M.J."]
[Result "1-0"]
[WhiteElo "2365"]
[BlackElo "2305"]
[PlyCount "69"]
[EventDate "2017.??.??"]

1. e4 e6 2. d4 d5 3. Nc3 Bb4 4. e5 b6 5. h4 Ba6 6. Bxa6 Nxa6 7. h5 h6 8. Qd3
Qc8 9. a3 Bf8 10. f4 c6 11. Nf3 Nc7 12. Be3 Qa6 13. Qd2 Nb5 14. Ne2 Ne7 15. O-O
g6 16. hxg6 fxg6 17. Qd3 Nc7 18. Qxa6 Nxa6 19. g4 Nc7 20. Ng3 Kd7 21. Nh4 h5
22. gxh5 Nf5 23. Nxg6 Nxe3 24. Nxh8 Nxc2 25. Ng6 Bh6 26. Rad1 Nb5 27. f5 Nbxd4
28. fxe6+ Nxe6 29. Rf7+ Kd8 30. Nf5 Ne3 31. Nxh6 Nxd1 32. Nf5 Rc8 33. h6 Ng5
34. e6 Nxf7 35. exf7
1-0

[Event "Sveins 10. minneturnering"]
[Site "Oslo"]
[Date "2017.06.26"]
[Round "6"]
[White "Haug, Johannes"]
[Black "Haubro, Sigfred"]
[Result "1-0"]
[WhiteElo "2335"]
[BlackElo "2175"]
[PlyCount "61"]
[EventDate "2017.??.??"]

1. Nf3 d5 2. c4 e6 3. g3 f5 4. Bg2 Nf6 5. O-O Be7 6. d3 O-O 7. b3 c6 8. Bb2 Qe8
9. Nbd2 Qh5 10. Ne5 Nbd7 11. e4 Qh6 12. exf5 Nxe5 13. Bxe5 exf5 14. Nf3 g5 15.
Qd2 f4 16. Rae1 Rf7 17. gxf4 Ng4 18. fxg5 Qh5 19. Bg3 Bd7 20. h3 Nxf2 21. Rxf2
Bxh3 22. Ne5 Rxf2 23. Bxf2 Rf8 24. Bxh3 Qxh3 25. Qe3 Qf5 26. Qg3 dxc4 27. bxc4
Bb4 28. Re2 Bc3 29. Ng4 Kh8 30. Nh6 Qg6 31. d4
1-0

[Event "Sveins 10. minneturnering"]
[Site "Oslo"]
[Date "2017.06.26"]
[Round "6"]
[White "Moen, Andreas G.R."]
[Black "Sousa, Ludy Helsio P"]
[Result "1-0"]
[WhiteElo "2330"]
[BlackElo "2159"]
[PlyCount "104"]
[EventDate "2017.??.??"]

1. e4 c5 2. Nf3 d6 3. d4 cxd4 4. Nxd4 Nf6 5. Nc3 a6 6. Be3 e5 7. Nb3 Be6 8. Qd2
Be7 9. f4 Ng4 10. f5 Bxb3 11. axb3 Nxe3 12. Qxe3 Nc6 13. Bc4 Rc8 14. Bd5 Nd4
15. Qd3 b5 16. Rxa6 b4 17. Bc4 bxc3 18. bxc3 Nxc2+ 19. Qxc2 O-O 20. O-O Qc7 21.
Rfa1 Qc5+ 22. Qf2 Qxf2+ 23. Kxf2 Rc7 24. Ke2 g6 25. Ra7 Rfc8 26. fxg6 hxg6 27.
Kd3 Kg7 28. Rxc7 Rxc7 29. b4 f5 30. Bd5 fxe4+ 31. Bxe4 Bf6 32. Ra5 Rc8 33. c4
Re8 34. b5 Bd8 35. Ra7+ Kf6 36. Rd7 Ke6 37. Rg7 g5 38. Bd5+ Kf5 39. Rd7 e4+ 40.
Bxe4+ Ke6 41. Rg7 Bf6 42. Bd5+ Kf5 43. Rg8 Rxg8 44. Bxg8 Ke5 45. b6 Bd8 46. b7
Bc7 47. Bd5 Bb8 48. Ke3 Kf5 49. h3 Bc7 50. Kf3 g4+ 51. hxg4+ Kg5 52. Ke4 Bb8
1-0

[Event "Sveins 10. minneturnering"]
[Site "Oslo"]
[Date "2017.06.26"]
[Round "6"]
[White "Ranaldi, Lucas"]
[Black "Lund, Gunnar"]
[Result "1/2-1/2"]
[WhiteElo "2278"]
[BlackElo "1914"]
[PlyCount "100"]
[EventDate "2017.??.??"]

1. d4 Nf6 2. c4 e6 3. Nc3 Bb4 4. e3 O-O 5. Nge2 c6 6. a3 Ba5 7. b4 Bc7 8. e4 d5
9. e5 Nfd7 10. cxd5 exd5 11. g3 f6 12. exf6 Qxf6 13. f4 Nb6 14. Bg2 Nc4 15. O-O
Kh8 16. h3 Re8 17. Kh1 Nd7 18. Qd3 Qf7 19. Ng1 Nf6 20. Ra2 Qh5 21. Bf3 Bg4 22.
Bxg4 Nxg4 23. Re2 Nf6 24. Rfe1 Rxe2 25. Rxe2 Re8 26. g4 Qf7 27. Nf3 Rxe2 28.
Qxe2 Qe8 29. Ne5 Nd6 30. Kg2 Nde4 31. Na4 b5 32. Nb2 Nd6 33. Nbd3 Nfe4 34. Kf3
Bb6 35. Nc5 Bxc5 36. dxc5 Nc4 37. Nd3 Qe7 38. Nf2 Qh4 39. Nxe4 dxe4+ 40. Qxe4
Qxh3+ 41. Kf2 Qh2+ 42. Kf1 Qh3+ 43. Kf2 Qh2+ 44. Qg2 Qh4+ 45. Kf1 Qf6 46. Qe4
h6 47. Qe8+ Kh7 48. Qe4+ Kh8 49. Qe8+ Kh7 50. Qe4+ Kh8
1/2-1/2

[Event "Sveins 10. minneturnering"]
[Site "Oslo"]
[Date "2017.06.26"]
[Round "6"]
[White "Al-Tarbosh, Ward"]
[Black "Kvendseth, Cornelius"]
[Result "1/2-1/2"]
[WhiteElo "2248"]
[BlackElo "1849"]
[PlyCount "87"]
[EventDate "2017.??.??"]

1. e4 c5 2. Nf3 Nc6 3. Bb5 d6 4. O-O g6 5. c3 Bd7 6. d4 cxd4 7. cxd4 Bg7 8. Nc3
Nf6 9. Re1 O-O 10. h3 e5 11. Bg5 h6 12. Bh4 Re8 13. dxe5 dxe5 14. Nd5 g5 15.
Nxf6+ Bxf6 16. Bg3 Qc7 17. Nh2 Rad8 18. Qh5 Bg7 19. Rac1 Qb6 20. Bc4 Be6 21. h4
Bxc4 22. Rxc4 Qxb2 23. Ng4 Re6 24. Ne3 Rd4 25. Rc2 Qb4 26. f3 Rd2 27. Rxd2 Qxd2
28. Nf5 Nd4 29. Kh2 b5 30. Rb1 a6 31. a4 Qc2 32. Re1 b4 33. Nxg7 Kxg7 34. hxg5
Qd2 35. Bh4 hxg5 36. Qxg5+ Qxg5 37. Bxg5 b3 38. Rb1 Rc6 39. Be3 Rc3 40. Bxd4
exd4 41. Kg3 Kf6 42. Kf4 Ke6 43. g4 Kd6 44. g5
1/2-1/2

[Event "Sveins 10. minneturnering"]
[Site "Oslo"]
[Date "2017.06.26"]
[Round "6"]
[White "Toby, Albert"]
[Black "Merkesvik, Sondre"]
[Result "0-1"]
[WhiteElo "2015"]
[BlackElo "2220"]
[PlyCount "48"]
[EventDate "2017.??.??"]

1. d4 Nf6 2. Bg5 Ne4 3. h4 d5 4. e3 c5 5. Nd2 Nxg5 6. hxg5 Qb6 7. Ngf3 Nc6 8.
c4 cxd4 9. cxd5 dxe3 10. dxc6 exd2+ 11. Qxd2 bxc6 12. g6 fxg6 13. Ne5 e6 14.
O-O-O Bb4 15. Qg5 Be7 16. Qxg6+ hxg6 17. Rxh8+ Bf8 18. Nxg6 Kf7 19. Nxf8 Qc5+
20. Kb1 e5 21. Bd3 Bg4 22. Bg6+ Ke7 23. Rd7+ Bxd7 24. Nxd7 Qd6
0-1

[Event "Sveins 10. minneturnering"]
[Site "Oslo"]
[Date "2017.06.26"]
[Round "6"]
[White "Vestby-Ellingsen, Mads"]
[Black "Ingebretsen, Jens E"]
[Result "1/2-1/2"]
[WhiteElo "2179"]
[BlackElo "2014"]
[PlyCount "77"]
[EventDate "2017.??.??"]

1. e4 c5 2. Nf3 e6 3. b3 Nc6 4. Bb2 b6 5. g3 Bb7 6. Bg2 Nf6 7. e5 Nd5 8. O-O
Be7 9. c4 Ndb4 10. d4 Nxd4 11. Nxd4 Bxg2 12. Kxg2 cxd4 13. Bxd4 O-O 14. Qe2 d6
15. exd6 Qxd6 16. Rd1 Rfd8 17. Nc3 Qb8 18. Qe4 Na6 19. Be5 Nc5 20. Bxb8 Nxe4
21. Rxd8+ Bxd8 22. Nxe4 Rxb8 23. Rd1 f5 24. Nc3 Bf6 25. Nb5 Rb7 26. a4 a6 27.
Na3 Kf7 28. Nc2 a5 29. Kf3 Ke7 30. Ke2 Rd7 31. Rb1 Bc3 32. Rd1 Rxd1 33. Kxd1
Kd6 34. Ke2 Kc5 35. Kd3 Be5 36. Ke3 Bc3 37. Kd3 Be5 38. Ke3 Bc3 39. Kd3
1/2-1/2

[Event "Sveins 10. minneturnering"]
[Site "Oslo"]
[Date "2017.06.26"]
[Round "6"]
[White "Nordquelle, Daniel"]
[Black "Tenold, Andreas"]
[Result "0-1"]
[WhiteElo "2143"]
[BlackElo "1705"]
[PlyCount "64"]
[EventDate "2017.??.??"]

1. e4 c5 2. Nc3 Nc6 3. g3 d6 4. Bg2 g6 5. Nge2 Bg7 6. d3 e6 7. Be3 Nge7 8. Qd2
O-O 9. h4 h5 10. O-O Nd4 11. f4 Nec6 12. Nd1 b6 13. c3 Nxe2+ 14. Qxe2 Bb7 15.
f5 Ne5 16. Bg5 Bf6 17. Bxf6 Qxf6 18. d4 cxd4 19. cxd4 Nc6 20. e5 dxe5 21. dxe5
Qe7 22. fxg6 fxg6 23. Nc3 Qc5+ 24. Kh2 Rab8 25. Rf6 Nxe5 26. Rxf8+ Rxf8 27. Nd1
Bf3 28. Qd2 Bxd1 29. b4 Ng4+ 30. Kh1 Qe5 31. Rxd1 Qxg3 32. Qd6 Rf1+
0-1

[Event "Sveins 10. minneturnering"]
[Site "Oslo"]
[Date "2017.06.26"]
[Round "6"]
[White "Folkvord, Svein"]
[Black "Kizatbay, Abyl"]
[Result "1/2-1/2"]
[WhiteElo "1885"]
[BlackElo "2134"]
[PlyCount "40"]
[EventDate "2017.??.??"]

1. d4 Nf6 2. c4 g6 3. Nc3 d5 4. Nf3 Bg7 5. cxd5 Nxd5 6. Na4 O-O 7. e4 Nb6 8.
Be3 Nxa4 9. Qxa4 c5 10. Be2 Nc6 11. Rd1 Bd7 12. dxc5 Qc7 13. Qc2 a5 14. O-O Nb4
15. Qb1 a4 16. Nd4 Rfd8 17. Nb5 Qa5 18. Nc3 a3 19. bxa3 Bxc3 20. axb4 Bxb4
1/2-1/2

[Event "Sveins 10. minneturnering"]
[Site "Oslo"]
[Date "2017.06.23"]
[Round "6"]
[White "Lund, Terje"]
[Black "Svanholm, Børge W"]
[Result "1-0"]
[WhiteElo "2095"]
[BlackElo "1756"]
[PlyCount "65"]
[EventDate "2017.??.??"]

1. d4 Nf6 2. c4 g6 3. Nc3 Bg7 4. Nf3 O-O 5. g3 d6 6. Bg2 Nc6 7. O-O a6 8. h3
Rb8 9. e4 b5 10. e5 dxe5 11. dxe5 Qxd1 12. Rxd1 Nd7 13. e6 fxe6 14. cxb5 axb5
15. Bf4 b4 16. Na4 e5 17. Be3 Nb6 18. Nxb6 cxb6 19. Ng5 Nd8 20. Bd5+ Kh8 21.
Bb3 h6 22. Rxd8 hxg5 23. Rxf8+ Bxf8 24. g4 Bg7 25. Rd1 Ba6 26. Bc2 Kh7 27. Bxg5
Bf6 28. Be3 e4 29. Bxe4 Bxb2 30. Rd7 Bc4 31. Rxe7+ Kg8 32. Rd7 Bxa2 33. Rd2
1-0